000 01145nam a2200349Ia 4500
001 036623
008 221003m2013 xx 000 0 spa d
035 _aCENDO_26762
041 _aspa
245 0 _a<El> 1º de Mayo, ¡defiende tus derechos!
260 _aMadrid :
_bUnión Sindical de Madrid Región,
_c2013
300 _a1 p. ;
_c 30 cm
500 _aEn: Madrid Sindical : Semanario Digital, n. 295 (abril 2013), p. 2
650 0 _aACTITUD SINDICAL
_961
650 0 _aDERECHOS DE LOS TRABAJADORES
_94
650 _aDERECHOS SINDICALES
_95
650 _aMOVIMIENTO OBRERO
_9970
650 0 _aCONVENIO COLECTIVO
_9297
650 _aREFORMA LEGISLATIVA
_9212
650 _aESPAÑA
_99
650 0 _aMERCADO DE TRABAJO
_952
710 _aCCOO
_bUnión Sindical de Madrid Región,
_eed.
_920285
856 _zPDF
_uhttp://docpublicos.ccoo.es/cendoc/0366231MayoDefiendeDerechos.pdf
901 _a0
903 _aNO
904 _a000
907 _aPrimero de Mayo
953 _d2013-05-13
_yDOCU_ELEC
_hMadrid Sindical : Semanario Digital, n. 295 (abril 2013), p. 2
_tPS21
999 _c26761
_d26761
910 _a2013
942 _cDOCU_ELEC